000 00527nam a2200181Ia 4500
008 100917s9999 xx 000 0 und d
082 _b14666
100 _aभावे बा. न.
245 _aप्रतिज्ञा पूर्ति
260 _b---
_c1904
300 _a176
365 _b1.25
520 _aकादंबरी
630 _aप्रतिज्ञा पूर्ति
650 _aकादंबरी
730 _aप्रतिज्ञा पूर्ति
942 _cBOOK
999 _c620060
_d620057